| 000 | 00492nam a22001937a 4500 | ||
|---|---|---|---|
| 003 | IBSLLIB | ||
| 005 | 20241121111123.0 | ||
| 008 | 241121b |||||||| |||| 00| 0 eng d | ||
| 020 | _ax9789556584905 | ||
| 040 |
_aIBSLLIB _bsin |
||
| 041 | _asin | ||
| 082 |
_a346.02 _bGUN |
||
| 100 | _aGunarathna , Raja | ||
| 245 | _aගිවිසුම් නීතිය | ||
| 260 |
_aPannipitiya : _bLake House , _c2023 . |
||
| 300 |
_a220 p . ; _c21 cm |
||
| 650 | _aPrivate Law | ||
| 942 | _cBK | ||
| 999 |
_c21540 _d21540 |
||